[Event "9. Torneo Magistral de Elgoibar"]
[Site "Elgoibar ESP"]
[Date "2004.12.12"]
[Round "1.5"]
[White "Cheparinov, Ivan"]
[Black "Saldaño, Horacio"]
[Result "1-0"]
[WhiteElo "2576"]
[BlackElo "2482"]
[PlyCount "81"]
[EventDate "2004.12.11"]
[EventType "tourn"]
[EventRounds "9"]
[EventCountry "ESP"]
[EventCategory "10"]
[Source "lmi"]
[SourceDate "2004.12.19"]

1. e4 c5 2. Nf3 Nc6 3. d4 cxd4 4. Nxd4 Nf6 5. Nc3 e5 6. Ndb5 d6 7. Bg5 a6 8.
Na3 b5 9. Bxf6 gxf6 10. Nd5 f5 11. Bd3 Be6 12. c3 Bg7 13. Nxb5 axb5 14. Bxb5
Bd7 15. exf5 O-O 16. O-O Rb8 17. a4 Re8 18. Qg4 Kh8 19. Qe4 Rg8 20. Rfd1 Bf8
21. b4 Rc8 22. a5 Qg5 23. Ne3 Qf4 24. Qxf4 exf4 25. Nd5 Bxf5 26. Bxc6 Rxc6 27.
a6 Be4 28. g3 Bxd5 29. a7 Rc8 30. Rxd5 Bg7 31. b5 Bxc3 32. Ra4 fxg3 33. hxg3
Rge8 34. b6 Re1+ 35. Kg2 Rb1 36. a8=Q Rxa8 37. Rxa8+ Kg7 38. Rxd6 Be5 39. Rd5
Bc3 40. Rb8 Rb2 41. b7 1-0

[Event "9. Torneo Magistral de Elgoibar"]
[Site "Elgoibar ESP"]
[Date "2004.12.13"]
[Round "2.1"]
[White "Herraiz Hidalgo, Herminio"]
[Black "Saldaño, Horacio"]
[Result "1/2-1/2"]
[WhiteElo "2474"]
[BlackElo "2482"]
[PlyCount "66"]
[EventDate "2004.12.11"]
[EventType "tourn"]
[EventRounds "9"]
[EventCountry "ESP"]
[EventCategory "10"]
[Source "lmi"]
[SourceDate "2004.12.19"]

1. d4 d5 2. c4 c6 3. Nf3 Nf6 4. e3 a6 5. Bd3 Bg4 6. O-O Nbd7 7. Nbd2 e6 8. b3
Bd6 9. Bb2 Qb8 10. h3 Bh5 11. Qc2 O-O 12. Ng5 h6 13. Ngf3 Bxf3 14. Nxf3 Re8 15.
Rad1 a5 16. e4 dxe4 17. Bxe4 Nxe4 18. Qxe4 a4 19. Rfe1 axb3 20. axb3 Qd8 21.
Ne5 Bb4 22. Re3 Nxe5 23. Qxe5 Bd6 24. Qe4 Qg5 25. Ree1 Qf4 26. Qxf4 Bxf4 27.
Ra1 Bg5 28. Rxa8 Rxa8 29. Ra1 Rxa1+ 30. Bxa1 Bf6 31. c5 Kf8 32. Kf1 Ke8 33. Ke2
Kd7 1/2-1/2

[Event "9. Torneo Magistral de Elgoibar"]
[Site "Elgoibar ESP"]
[Date "2004.12.13"]
[Round "2.2"]
[White "Flear, Glenn C"]
[Black "Cheparinov, Ivan"]
[Result "1/2-1/2"]
[WhiteElo "2457"]
[BlackElo "2576"]
[PlyCount "101"]
[EventDate "2004.12.11"]
[EventType "tourn"]
[EventRounds "9"]
[EventCountry "ESP"]
[EventCategory "10"]
[Source "lmi"]
[SourceDate "2004.12.19"]

1. d4 Nf6 2. c4 e6 3. Nc3 Bb4 4. Qc2 d5 5. cxd5 Qxd5 6. Nf3 Qf5 7. Qxf5 exf5 8.
a3 Be7 9. Ne5 Nbd7 10. Nd3 Nb6 11. g3 c6 12. Bg2 h6 13. O-O Be6 14. b4 O-O-O
15. e3 Nfd5 16. Ne2 Kb8 17. Nc5 Bc8 18. Rd1 Nc4 19. Ra2 Rhe8 20. Rc2 Nd6 21.
Bd2 Bf8 22. Be1 g5 23. h3 Bg7 24. a4 b6 25. Nd3 Bb7 26. Ne5 Bxe5 27. dxe5 Rxe5
28. Nd4 Rc8 29. Rdc1 Ne7 30. Nxc6+ Nxc6 31. Bxc6 Bxc6 32. Rxc6 Rxc6 33. Rxc6
Re6 34. Kf1 Kb7 35. b5 h5 36. Bb4 Ne4 37. Rxe6 fxe6 38. f3 Nf6 39. Be7 Nh7 40.
Ke2 Kc7 41. Kd3 Kd7 42. Ba3 e5 43. e4 g4 44. hxg4 fxg4 45. fxg4 hxg4 46. Bc1
Nf6 47. Be3 Nh5 48. Bf2 Kc7 49. Be1 Kd6 50. Bb4+ Kd7 51. Be1 1/2-1/2

[Event "9. Torneo Magistral de Elgoibar"]
[Site "Elgoibar ESP"]
[Date "2004.12.13"]
[Round "2.3"]
[White "Ivanov, Jordan"]
[Black "Mirzoev, Azer"]
[Result "1/2-1/2"]
[WhiteElo "2395"]
[BlackElo "2513"]
[PlyCount "62"]
[EventDate "2004.12.11"]
[EventType "tourn"]
[EventRounds "9"]
[EventCountry "ESP"]
[EventCategory "10"]
[Source "lmi"]
[SourceDate "2004.12.19"]

1. c4 Nf6 2. Nc3 g6 3. e4 d6 4. d4 Bg7 5. Nf3 O-O 6. Be2 e5 7. d5 a5 8. h3 Na6
9. Bg5 h6 10. Be3 Nc5 11. Nd2 Ne8 12. O-O Bd7 13. Nb3 Nxb3 14. Qxb3 b6 15. Qc2
Qh4 16. Qd2 Kh7 17. f4 exf4 18. Rxf4 Qe7 19. Raf1 Nf6 20. Bd4 Ng8 21. Bxg7 Kxg7
22. Bg4 Bxg4 23. Qd4+ Qe5 24. Qxe5+ dxe5 25. Rxg4 Nf6 26. Rg3 Ne8 27. Nb5 Nd6
28. Nxd6 cxd6 29. Rb3 Rab8 30. Kf2 Rfc8 31. Rc3 Rc7 1/2-1/2

[Event "9. Torneo Magistral de Elgoibar"]
[Site "Elgoibar ESP"]
[Date "2004.12.14"]
[Round "3.2"]
[White "Perez Candelario, Manuel"]
[Black "Gomez Esteban, Juan Mario"]
[Result "1-0"]
[WhiteElo "2474"]
[BlackElo "2475"]
[PlyCount "89"]
[EventDate "2004.12.11"]
[EventType "tourn"]
[EventRounds "9"]
[EventCountry "ESP"]
[EventCategory "10"]
[Source "lmi"]
[SourceDate "2004.12.19"]

1. e4 c5 2. Nf3 Nc6 3. d4 cxd4 4. Nxd4 Nf6 5. Nc3 d6 6. Bg5 e6 7. Qd2 Be7 8.
O-O-O O-O 9. f3 a6 10. h4 Nxd4 11. Qxd4 b5 12. Kb1 Bb7 13. Qd2 b4 14. Ne2 a5
15. Nd4 Rc8 16. Bd3 Nd7 17. Bxe7 Qxe7 18. Nb3 d5 19. Nxa5 Ba8 20. Rhe1 Nb6 21.
h5 h6 22. Qf2 Rb8 23. Nb3 Na4 24. e5 Rfc8 25. f4 Nc3+ 26. bxc3 bxc3 27. Qe3 Rb4
28. Qc1 Qa7 29. Bf1 Ra4 30. Qe3 Qe7 31. Qc1 Qa7 32. Qe3 d4 33. Rxd4 Rxa2 34.
Rc4 Rb2+ 35. Kc1 Rxc2+ 36. Kxc2 Qa2+ 37. Kxc3 Rb8 38. Rb4 Rc8+ 39. Bc4 Bd5 40.
Qd2 Qa6 41. Qd4 Qa2 42. Ra1 Qxg2 43. Ra5 Be4 44. Nd2 Bf5 45. Rab5 1-0

[Event "9. Torneo Magistral de Elgoibar"]
[Site "Elgoibar ESP"]
[Date "2004.12.14"]
[Round "3.3"]
[White "Mirzoev, Azer"]
[Black "Felgaer, Ruben"]
[Result "1/2-1/2"]
[WhiteElo "2513"]
[BlackElo "2569"]
[PlyCount "65"]
[EventDate "2004.12.11"]
[EventType "tourn"]
[EventRounds "9"]
[EventCountry "ESP"]
[EventCategory "10"]
[Source "lmi"]
[SourceDate "2004.12.19"]

1. Nf3 c5 2. g3 Nc6 3. Bg2 g6 4. O-O Bg7 5. c4 d6 6. Nc3 e5 7. a3 Nge7 8. Rb1
a5 9. d3 O-O 10. Bd2 Rb8 11. Ne1 Be6 12. Nc2 d5 13. cxd5 Nxd5 14. Ne3 Nde7 15.
Na4 b6 16. b4 axb4 17. axb4 cxb4 18. Bxb4 Nd4 19. Nc3 Re8 20. Nc4 Nec6 21. e3
Nxb4 22. Rxb4 b5 23. exd4 bxc4 24. Rxb8 Qxb8 25. d5 Bd7 26. dxc4 Rc8 27. Qd3
Qb3 28. Rb1 Qxc4 29. Qxc4 Rxc4 30. Ne4 Bf5 31. Nd6 Bxb1 32. Nxc4 Bd3 33. Bf1
1/2-1/2

[Event "9. Torneo Magistral de Elgoibar"]
[Site "Elgoibar ESP"]
[Date "2004.12.14"]
[Round "4.2"]
[White "Ivanov, Jordan"]
[Black "Saldaño, Horacio"]
[Result "1/2-1/2"]
[WhiteElo "2395"]
[BlackElo "2482"]
[PlyCount "28"]
[EventDate "2004.12.11"]
[EventType "tourn"]
[EventRounds "9"]
[EventCountry "ESP"]
[EventCategory "10"]
[Source "lmi"]
[SourceDate "2004.12.19"]

1. d4 d5 2. c4 c6 3. Nf3 Nf6 4. e3 a6 5. Qb3 e6 6. c5 Nbd7 7. Nc3 g6 8. Na4 Bg7
9. Bd3 O-O 10. Qc2 Ne4 11. Bxe4 dxe4 12. Nd2 f5 13. Nc4 e5 14. dxe5 Nxe5
1/2-1/2

[Event "9. Torneo Magistral de Elgoibar"]
[Site "Elgoibar ESP"]
[Date "2004.12.14"]
[Round "4.4"]
[White "Gomez Esteban, Juan Mario"]
[Black "Mirzoev, Azer"]
[Result "1/2-1/2"]
[WhiteElo "2475"]
[BlackElo "2513"]
[PlyCount "96"]
[EventDate "2004.12.11"]
[EventType "tourn"]
[EventRounds "9"]
[EventCountry "ESP"]
[EventCategory "10"]
[Source "lmi"]
[SourceDate "2004.12.19"]

1. d4 d5 2. c4 c6 3. Nc3 dxc4 4. e4 b5 5. a4 b4 6. Na2 Nf6 7. e5 Nd5 8. Bxc4 e6
9. Nf3 Be7 10. O-O O-O 11. Qe2 Qb6 12. Be3 Ba6 13. Nc1 Bxc4 14. Qxc4 Qa6 15.
Qc2 c5 16. dxc5 Nxe3 17. fxe3 Nd7 18. Nb3 Rac8 19. Qe4 Nxc5 20. Nxc5 Bxc5 21.
Ng5 g6 22. Qf4 Be7 23. Ne4 Rc2 24. Nf6+ Bxf6 25. exf6 Qe2 26. Rf2 Qxf2+ 27.
Qxf2 Rxf2 28. Kxf2 Rc8 29. Rd1 h5 30. Kf3 a5 31. h4 g5 32. hxg5 Kh7 33. g4
hxg4+ 34. Kxg4 Kg6 35. Kf4 Rc5 36. e4 e5+ 37. Kg4 Rc4 38. Kf3 Kxg5 39. Rd5 Kxf6
40. Rxa5 Rc2 41. b3 Rb2 42. Rb5 Rxb3+ 43. Kg4 Rb1 44. Rb6+ Kg7 45. Kf5 b3 46.
Kxe5 b2 47. a5 Ra1 48. Rxb2 Rxa5+ 1/2-1/2

[Event "9. Torneo Magistral de Elgoibar"]
[Site "Elgoibar ESP"]
[Date "2004.12.14"]
[Round "4.5"]
[White "Gonzalez de la Torre, Santiago"]
[Black "Perez Candelario, Manuel"]
[Result "0-1"]
[WhiteElo "2384"]
[BlackElo "2474"]
[PlyCount "68"]
[EventDate "2004.12.11"]
[EventType "tourn"]
[EventRounds "9"]
[EventCountry "ESP"]
[EventCategory "10"]
[Source "lmi"]
[SourceDate "2004.12.19"]

1. e4 e5 2. Bc4 Nf6 3. d3 Nc6 4. Nc3 Na5 5. Nge2 Nxc4 6. dxc4 d6 7. O-O Be7 8.
Ng3 O-O 9. b3 h6 10. Nf5 Re8 11. g4 Nh7 12. Nd5 Bg5 13. Ba3 b6 14. Qf3 g6 15.
Ng3 Be6 16. Qe2 Qd7 17. f3 Rad8 18. Rad1 Qc8 19. Bb2 a6 20. a4 Qb7 21. Kh1 Bd7
22. Nc3 Nf8 23. Qd3 Ne6 24. Nd5 c6 25. Ne3 Bc8 26. Ne2 b5 27. axb5 Nc5 28. bxa6
Qb4 29. Qc3 Qxc3 30. Bxc3 Bxe3 31. a7 Be6 32. Ba5 Rd7 33. Bb6 Rb7 34. Ra1 Ra8
0-1

[Event "9. Torneo Magistral de Elgoibar"]
[Site "Elgoibar ESP"]
[Date "2004.12.15"]
[Round "5.1"]
[White "Perez Candelario, Manuel"]
[Black "Herraiz Hidalgo, Herminio"]
[Result "1/2-1/2"]
[WhiteElo "2474"]
[BlackElo "2474"]
[PlyCount "22"]
[EventDate "2004.12.11"]
[EventType "tourn"]
[EventRounds "9"]
[EventCountry "ESP"]
[EventCategory "10"]
[Source "lmi"]
[SourceDate "2004.12.19"]

1. c4 Nf6 2. Nf3 g6 3. Nc3 Bg7 4. g3 O-O 5. Bg2 c5 6. O-O Nc6 7. d3 d6 8. Bd2
Bd7 9. Qc1 a6 10. Bh6 Rb8 11. Bxg7 Kxg7 1/2-1/2

[Event "9. Torneo Magistral de Elgoibar"]
[Site "Elgoibar ESP"]
[Date "2004.12.15"]
[Round "5.3"]
[White "Cheparinov, Ivan"]
[Black "Gomez Esteban, Juan Mario"]
[Result "1-0"]
[WhiteElo "2576"]
[BlackElo "2475"]
[PlyCount "79"]
[EventDate "2004.12.11"]
[EventType "tourn"]
[EventRounds "9"]
[EventCountry "ESP"]
[EventCategory "10"]
[Source "lmi"]
[SourceDate "2004.12.19"]

1. e4 e5 2. Nf3 Nf6 3. Nxe5 d6 4. Nf3 Nxe4 5. d4 d5 6. Bd3 Be7 7. O-O Nc6 8.
Re1 Bg4 9. c3 f5 10. Qb3 O-O 11. Nbd2 Na5 12. Qc2 Nc6 13. b4 Bd6 14. b5 Nxd2
15. Nxd2 Ne7 16. Nf1 h6 17. f3 Bh5 18. Ng3 Bg6 19. Ne2 Qd7 20. Bf4 Rae8 21. Be5
Bf7 22. Nf4 g5 23. Ne2 Bg6 24. Ng3 Kh7 25. Rad1 Rf7 26. Re2 c5 27. dxc5 Bxc5+
28. Kh1 Ref8 29. Bd4 Bxd4 30. cxd4 Rc8 31. Qb1 Kg7 32. Rde1 Rc3 33. Re5 Kf8 34.
f4 gxf4 35. Ne2 Rc8 36. Nxf4 Bh7 37. Qb4 Re8 38. Nxd5 b6 39. h3 Qb7 40. Qd6 1-0

[Event "9. Torneo Magistral de Elgoibar"]
[Site "Elgoibar ESP"]
[Date "2004.12.15"]
[Round "5.4"]
[White "Saldaño, Horacio"]
[Black "Felgaer, Ruben"]
[Result "0-1"]
[WhiteElo "2482"]
[BlackElo "2569"]
[PlyCount "80"]
[EventDate "2004.12.11"]
[EventType "tourn"]
[EventRounds "9"]
[EventCountry "ESP"]
[EventCategory "10"]
[Source "lmi"]
[SourceDate "2004.12.19"]

1. e4 c5 2. Nf3 Nc6 3. Bb5 e6 4. O-O Nge7 5. b3 Ng6 6. Bb2 f6 7. Re1 Be7 8. c3
a6 9. Bf1 O-O 10. d4 d5 11. Nbd2 Kh8 12. g3 cxd4 13. cxd4 dxe4 14. Nxe4 Bb4 15.
Re2 Nge7 16. a3 Bd6 17. b4 Nd5 18. Nc5 Nc7 19. Rd2 Ne7 20. Qb3 b6 21. Bh3 Ned5
22. Nxe6 Nxe6 23. Qxd5 Nf4 24. Qxa8 Nxh3+ 25. Kh1 Bg4 26. Qe4 f5 27. Qd3 f4 28.
Rf1 Bxb4 29. Ne5 Bf5 30. Qc4 Bxd2 31. Nf7+ Rxf7 32. Qxf7 Be4+ 33. f3 Ng5 34.
Qh5 g6 35. d5+ Kg8 36. Qh6 Qe7 37. d6 Bxf3+ 38. Rxf3 Qe1+ 39. Kg2 Qe2+ 40. Rf2
f3+ 0-1

[Event "9. Torneo Magistral de Elgoibar"]
[Site "Elgoibar ESP"]
[Date "2004.12.15"]
[Round "5.5"]
[White "Flear, Glenn C"]
[Black "Ivanov, Jordan"]
[Result "1-0"]
[WhiteElo "2457"]
[BlackElo "2395"]
[PlyCount "79"]
[EventDate "2004.12.11"]
[EventType "tourn"]
[EventRounds "9"]
[EventCountry "ESP"]
[EventCategory "10"]
[Source "lmi"]
[SourceDate "2004.12.19"]

1. d4 Nf6 2. c4 d6 3. Nc3 Bf5 4. g3 e5 5. Bg2 Nc6 6. d5 Nd4 7. e4 Bg4 8. f3 Bc8
9. Nge2 Nxe2 10. Qxe2 Be7 11. Be3 c5 12. Rb1 O-O 13. O-O Ne8 14. b4 b6 15. Rb3
Bg5 16. f4 cxb4 17. Rxb4 exf4 18. gxf4 Bf6 19. Rc1 Bd7 20. Nb5 Qc8 21. Rb3 g6
22. Qf2 Bg7 23. Qg3 Qb8 24. f5 gxf5 25. Bf4 Bxb5 26. cxb5 fxe4 27. Bxe4 f5 28.
Bg2 Rf6 29. Kh1 Qb7 30. Re3 Rg6 31. Qh3 Rg4 32. Rce1 Qf7 33. Re7 Qf6 34. Bg3
Rg6 35. Bf4 Rg4 36. Qh5 Rg6 37. Bh3 Bh6 38. Bxh6 Rxh6 39. Rg1+ Kh8 40. Rf7 1-0

[Event "9. Torneo Magistral de Elgoibar"]
[Site "Elgoibar ESP"]
[Date "2004.12.16"]
[Round "6.1"]
[White "Herraiz Hidalgo, Herminio"]
[Black "Ivanov, Jordan"]
[Result "1-0"]
[WhiteElo "2474"]
[BlackElo "2395"]
[PlyCount "93"]
[EventDate "2004.12.11"]
[EventType "tourn"]
[EventRounds "9"]
[EventCountry "ESP"]
[EventCategory "10"]
[Source "lmi"]
[SourceDate "2004.12.19"]

1. d4 Nf6 2. c4 d6 3. Nc3 Bf5 4. g3 e5 5. Bg2 c6 6. e4 Bg4 7. Nge2 exd4 8. Qxd4
Nbd7 9. h3 Be6 10. b3 Be7 11. Bf4 c5 12. Qd2 Ne5 13. Be3 O-O 14. f4 Nc6 15. O-O
a6 16. Rad1 Qa5 17. g4 h6 18. e5 dxe5 19. Bxc6 exf4 20. Bxf4 bxc6 21. Nd5 Bd8
22. Nxf6+ gxf6 23. Bxh6 Qxd2 24. Rxd2 Re8 25. Ng3 Kh7 26. Bf4 Kg6 27. Bd6 a5
28. a4 Be7 29. Bxe7 Rxe7 30. Rf3 Rb8 31. Rdd3 Rd7 32. Rxd7 Bxd7 33. Ne4 f5 34.
Nxc5 Be6 35. gxf5+ Bxf5 36. Kf2 Kg5 37. Ke3 Rh8 38. Nb7 Bxh3 39. Rxf7 Be6 40.
Rc7 Rh3+ 41. Kd4 Rxb3 42. Nc5 Bxc4 43. Kxc4 Rb4+ 44. Kc3 Kf5 45. Rxc6 Ke5 46.
Nd3+ Kd5 47. Rc5+ 1-0

[Event "9. Torneo Magistral de Elgoibar"]
[Site "Elgoibar ESP"]
[Date "2004.12.16"]
[Round "6.2"]
[White "Felgaer, Ruben"]
[Black "Flear, Glenn C"]
[Result "1-0"]
[WhiteElo "2569"]
[BlackElo "2457"]
[PlyCount "85"]
[EventDate "2004.12.11"]
[EventType "tourn"]
[EventRounds "9"]
[EventCountry "ESP"]
[EventCategory "10"]
[Source "lmi"]
[SourceDate "2004.12.19"]

1. e4 e5 2. Nf3 Nc6 3. Bb5 a6 4. Ba4 Nf6 5. O-O Be7 6. Re1 b5 7. Bb3 d6 8. c3
O-O 9. d4 Bg4 10. Be3 exd4 11. cxd4 d5 12. e5 Ne4 13. h3 Bh5 14. Nc3 Nxc3 15.
bxc3 Na5 16. Bc2 Bg6 17. Bxg6 fxg6 18. a4 Nc4 19. Re2 Qd7 20. Bg5 Rxf3 21. e6
Qe8 22. Bxe7 Qxe7 23. gxf3 Qg5+ 24. Kf1 Qf5 25. e7 Qxh3+ 26. Kg1 Re8 27. axb5
Qxf3 28. Re6 Qf5 29. Raxa6 Qg5+ 30. Kh1 Qh4+ 31. Kg2 Qg5+ 32. Kh3 Qf5+ 33. Qg4
Qxf2 34. Re2 Qf1+ 35. Kh2 Nd6 36. Qe6+ Kh8 37. Qe3 Ne4 38. Re6 Nf6 39. Qg3 h5
40. Qxg6 Ng4+ 41. Kg3 Qg1+ 42. Rg2 h4+ 43. Kxh4 1-0

[Event "9. Torneo Magistral de Elgoibar"]
[Site "Elgoibar ESP"]
[Date "2004.12.16"]
[Round "6.3"]
[White "Gomez Esteban, Juan Mario"]
[Black "Saldaño, Horacio"]
[Result "1-0"]
[WhiteElo "2475"]
[BlackElo "2482"]
[PlyCount "135"]
[EventDate "2004.12.11"]
[EventType "tourn"]
[EventRounds "9"]
[EventCountry "ESP"]
[EventCategory "10"]
[Source "lmi"]
[SourceDate "2004.12.19"]

1. d4 d5 2. c4 c6 3. Nc3 Nf6 4. Nf3 dxc4 5. a4 Bf5 6. Ne5 Nbd7 7. Nxc4 Nb6 8.
Ne5 a5 9. f3 Nfd7 10. Nxd7 Nxd7 11. e4 Bg6 12. h4 h6 13. Qb3 e6 14. h5 Bh7 15.
Qxb7 Bb4 16. Bd2 O-O 17. Qxc6 Nb6 18. Kf2 Rc8 19. Qb5 f5 20. Qe5 fxe4 21. Be2
Rc6 22. Rad1 exf3 23. gxf3 Rf5 24. Qg3 Bd6 25. Qg4 Rf6 26. Rhg1 Bf8 27. Be3 Bf5
28. Qg3 Nd5 29. Nxd5 Qxd5 30. Rc1 Rxc1 31. Rxc1 Bd6 32. Qh4 Qb3 33. Rc6 Qxb2
34. Bc1 Qb4 35. Rc4 Qb3 36. Be3 Bd3 37. Bxd3 Qxd3 38. Rc8+ Kh7 39. Qg4 Qf5 40.
Ke2 Qxg4 41. fxg4 Bb4 42. Re8 g6 43. Kd3 gxh5 44. gxh5 Kg7 45. Ke4 Kf7 46. Rh8
Bf8 47. Bf4 Bg7 48. Rh7 Kf8 49. Rxg7 Kxg7 50. Be5 Kf7 51. Bxf6 Kxf6 52. Kf4 Kf7
53. Ke5 Ke7 54. d5 exd5 55. Kxd5 Kf6 56. Kc5 Ke5 57. Kb5 Kd5 58. Kxa5 Kc5 59.
Ka6 Kc6 60. a5 Kc7 61. Kb5 Kb7 62. Kc5 Ka6 63. Kd5 Kxa5 64. Ke5 Kb6 65. Kf6 Kc6
66. Kg6 Kd6 67. Kxh6 Ke6 68. Kg7 1-0

[Event "9. Torneo Magistral de Elgoibar"]
[Site "Elgoibar ESP"]
[Date "2004.12.16"]
[Round "6.4"]
[White "Gonzalez de la Torre, Santiago"]
[Black "Cheparinov, Ivan"]
[Result "0-1"]
[WhiteElo "2384"]
[BlackElo "2576"]
[PlyCount "118"]
[EventDate "2004.12.11"]
[EventType "tourn"]
[EventRounds "9"]
[EventCountry "ESP"]
[EventCategory "10"]
[Source "lmi"]
[SourceDate "2004.12.19"]

1. d4 Nf6 2. Nf3 g6 3. c4 Bg7 4. Nc3 d6 5. e4 O-O 6. Be3 Bg4 7. Qb3 Qc8 8. Nd2
c6 9. f3 Bd7 10. Qc2 Na6 11. Rc1 e5 12. dxe5 dxe5 13. c5 Be6 14. Bc4 Nb4 15.
Qb1 Nbd5 16. Bg5 Nf4 17. O-O Rd8 18. Rc2 b5 19. cxb6 axb6 20. Bb3 b5 21. Nd5
N4xd5 22. exd5 Bxd5 23. Ne4 Qf5 24. Bxd5 cxd5 25. Rc6 dxe4 26. Bxf6 Rd3 27.
fxe4 Qxe4 28. Qc1 Bxf6 29. Rcxf6 Qd4+ 30. Kh1 Rf8 31. Qc6 Qd5 32. b3 Qxc6 33.
Rxc6 e4 34. Kg1 Ra8 35. Rc7 e3 36. Rc2 b4 37. Rfc1 Rd2 38. Kf1 Rxa2 39. Rxa2
Rxa2 40. Re1 Rb2 41. Rxe3 Kf8 42. h4 f5 43. Kg1 Kf7 44. Kh2 h6 45. Kg3 g5 46.
hxg5 hxg5 47. Kf3 g4+ 48. Kg3 Kf6 49. Rd3 Kg5 50. Kh2 Kh4 51. Kg1 f4 52. g3+
fxg3 53. Rd4 Rxb3 54. Kg2 Rb2+ 55. Kg1 g2 56. Kh2 g1=Q+ 57. Kxg1 Kh3 58. Rd1 b3
59. Rd8 Rc2 0-1

[Event "9. Torneo Magistral de Elgoibar"]
[Site "Elgoibar ESP"]
[Date "2004.12.16"]
[Round "6.5"]
[White "Perez Candelario, Manuel"]
[Black "Mirzoev, Azer"]
[Result "1/2-1/2"]
[WhiteElo "2474"]
[BlackElo "2513"]
[PlyCount "74"]
[EventDate "2004.12.11"]
[EventType "tourn"]
[EventRounds "9"]
[EventCountry "ESP"]
[EventCategory "10"]
[Source "lmi"]
[SourceDate "2004.12.19"]

1. e4 Nf6 2. e5 Nd5 3. d4 d6 4. Nf3 dxe5 5. Nxe5 c6 6. c4 Nb4 7. Be3 Bf5 8. Nd3
e5 9. Nxb4 Bxb4+ 10. Nc3 Qa5 11. Qb3 Na6 12. Be2 exd4 13. Bxd4 O-O-O 14. Be3
Nc5 15. Bxc5 Qxc5 16. O-O Rd2 17. Na4 Qa5 18. a3 Bd6 19. c5 Bxh2+ 20. Kxh2 Qc7+
21. Kg1 Rxe2 22. Qf3 Qe5 23. b4 Qe4 24. Qg3 Qg4 25. Qh2 Rd8 26. Rae1 Rxe1 27.
Rxe1 Rd1 28. Qe5 Rxe1+ 29. Qxe1 Qe4 30. Qd2 Qd3 31. Qg5 g6 32. Qe7 Be6 33. Qf8+
Qd8 34. Qg7 h5 35. Nc3 Kb8 36. Ne4 a5 37. Qe5+ Ka7 1/2-1/2

[Event "9. Torneo Magistral de Elgoibar"]
[Site "Elgoibar ESP"]
[Date "2004.12.16"]
[Round "7.1"]
[White "Mirzoev, Azer"]
[Black "Herraiz Hidalgo, Herminio"]
[Result "1/2-1/2"]
[WhiteElo "2513"]
[BlackElo "2474"]
[PlyCount "37"]
[EventDate "2004.12.11"]
[EventType "tourn"]
[EventRounds "9"]
[EventCountry "ESP"]
[EventCategory "10"]
[Source "lmi"]
[SourceDate "2004.12.19"]

1. d4 f5 2. Nc3 Nf6 3. Bg5 d5 4. Bxf6 exf6 5. e3 Be6 6. Bd3 Nc6 7. a3 Qd7 8.
Qf3 O-O-O 9. Nge2 g6 10. Nf4 Bf7 11. Bb5 Kb8 12. Nd3 Qd6 13. O-O Ne7 14. Nc5
Nc8 15. b4 c6 16. Bd3 Qc7 17. Rab1 Ka8 18. Ne2 Nd6 19. Nf4 1/2-1/2

[Event "9. Torneo Magistral de Elgoibar"]
[Site "Elgoibar ESP"]
[Date "2004.12.16"]
[Round "7.3"]
[White "Saldaño, Horacio"]
[Black "Gonzalez de la Torre, Santiago"]
[Result "1/2-1/2"]
[WhiteElo "2482"]
[BlackElo "2384"]
[PlyCount "73"]
[EventDate "2004.12.11"]
[EventType "tourn"]
[EventRounds "9"]
[EventCountry "ESP"]
[EventCategory "10"]
[Source "lmi"]
[SourceDate "2004.12.19"]

1. e4 c5 2. Nf3 Nc6 3. d4 cxd4 4. Nxd4 g6 5. Nc3 Bg7 6. Be3 Nf6 7. Bc4 Qa5 8.
O-O O-O 9. Nb3 Qc7 10. Bg5 h6 11. Bxf6 Bxf6 12. Nd5 Qe5 13. Nxf6+ Qxf6 14. c3
d6 15. Qd2 Ne5 16. Be2 g5 17. Nd4 Kh7 18. f4 gxf4 19. Rxf4 Qg5 20. Raf1 Rg8 21.
R1f2 Rg7 22. Nf5 Bxf5 23. exf5 f6 24. Qd5 Rb8 25. Qe6 Rbg8 26. g3 b5 27. Kf1 b4
28. cxb4 Rb8 29. Rg2 Rf7 30. h4 Qg8 31. Bh5 Rg7 32. Bg6+ Kh8 33. Qxg8+ Rgxg8
34. Rc2 Nxg6 35. fxg6 Rxg6 36. Rc7 e5 37. Rf2 1/2-1/2

[Event "9. Torneo Magistral de Elgoibar"]
[Site "Elgoibar ESP"]
[Date "2004.12.16"]
[Round "7.4"]
[White "Flear, Glenn C"]
[Black "Gomez Esteban, Juan Mario"]
[Result "1/2-1/2"]
[WhiteElo "2457"]
[BlackElo "2475"]
[PlyCount "49"]
[EventDate "2004.12.11"]
[EventType "tourn"]
[EventRounds "9"]
[EventCountry "ESP"]
[EventCategory "10"]
[Source "lmi"]
[SourceDate "2004.12.19"]

1. d4 Nf6 2. c4 e6 3. Nc3 Bb4 4. Qc2 O-O 5. e4 d5 6. e5 Ne4 7. Bd3 c5 8. a3 Ba5
9. Bxe4 dxe4 10. dxc5 Nc6 11. b4 Bc7 12. Nxe4 Nxe5 13. Be3 f5 14. Rd1 Bd7 15.
Nd6 Bc6 16. Kf1 Qh4 17. Bd4 Bxd6 18. cxd6 Nxc4 19. Qxc4 Bxg2+ 20. Kxg2 Qg4+ 21.
Kf1 Qxd1+ 22. Kg2 Qg4+ 23. Kf1 Qd1+ 24. Kg2 Qg4+ 25. Kf1 1/2-1/2

[Event "9. Torneo Magistral de Elgoibar"]
[Site "Elgoibar ESP"]
[Date "2004.12.17"]
[Round "8.1"]
[White "Herraiz Hidalgo, Herminio"]
[Black "Felgaer, Ruben"]
[Result "1/2-1/2"]
[WhiteElo "2474"]
[BlackElo "2569"]
[PlyCount "100"]
[EventDate "2004.12.11"]
[EventType "tourn"]
[EventRounds "9"]
[EventCountry "ESP"]
[EventCategory "10"]
[Source "lmi"]
[SourceDate "2004.12.19"]

1. d4 d5 2. c4 c6 3. Nf3 Nf6 4. e3 Bf5 5. Nc3 e6 6. Nh4 Bg6 7. Nxg6 hxg6 8. g3
Nbd7 9. Bg2 dxc4 10. Qe2 e5 11. O-O Be7 12. Rd1 exd4 13. Rxd4 O-O 14. Qxc4 Qb6
15. Qe2 Nc5 16. b3 Ne6 17. Rd1 Qa5 18. Bd2 Bb4 19. Rdc1 Qa3 20. Qc4 Be7 21. Nb1
Qd6 22. Bc3 Rfd8 23. Bb2 Nc5 24. Bd4 Ne6 25. Bb2 Nc5 26. Bd4 Nfd7 27. Nd2 Ne6
28. Ne4 Qa3 29. Bc3 Nb6 30. Qe2 Nd5 31. Bb2 Qa5 32. a3 Nf6 33. b4 Qf5 34. Nxf6+
Bxf6 35. e4 Qg5 36. f4 Nd4 37. Bxd4 Bxd4+ 38. Kh1 Qh6 39. Rab1 g5 40. Rf1 gxf4
41. gxf4 a5 42. b5 a4 43. e5 Bc5 44. bxc6 bxc6 45. e6 Qxe6 46. Qxe6 fxe6 47.
Bxc6 Ra7 48. Rfd1 Rxd1+ 49. Rxd1 Bxa3 50. Rd4 Bc5 1/2-1/2

[Event "9. Torneo Magistral de Elgoibar"]
[Site "Elgoibar ESP"]
[Date "2004.12.17"]
[Round "8.2"]
[White "Gomez Esteban, Juan Mario"]
[Black "Ivanov, Jordan"]
[Result "1/2-1/2"]
[WhiteElo "2475"]
[BlackElo "2395"]
[PlyCount "49"]
[EventDate "2004.12.11"]
[EventType "tourn"]
[EventRounds "9"]
[EventCountry "ESP"]
[EventCategory "10"]
[Source "lmi"]
[SourceDate "2004.12.19"]

1. d4 d5 2. c4 dxc4 3. Nf3 Nf6 4. e3 e6 5. Bxc4 c5 6. O-O a6 7. Bb3 Nc6 8. Qe2
cxd4 9. Rd1 Be7 10. Nc3 O-O 11. Nxd4 Qc7 12. Nxc6 Qxc6 13. e4 b5 14. f3 Bb7 15.
Be3 Rfd8 16. Rac1 Rxd1+ 17. Nxd1 Qd7 18. Nf2 Rc8 19. Rxc8+ Qxc8 20. Nd3 Nd7 21.
Qc2 Qxc2 22. Bxc2 Bd6 23. Kf2 Kf8 24. g3 h6 25. a3 1/2-1/2

[Event "9. Torneo Magistral de Elgoibar"]
[Site "Elgoibar ESP"]
[Date "2004.12.17"]
[Round "8.3"]
[White "Gonzalez de la Torre, Santiago"]
[Black "Flear, Glenn C"]
[Result "0-1"]
[WhiteElo "2384"]
[BlackElo "2457"]
[PlyCount "36"]
[EventDate "2004.12.11"]
[EventType "tourn"]
[EventRounds "9"]
[EventCountry "ESP"]
[EventCategory "10"]
[Source "lmi"]
[SourceDate "2004.12.19"]

1. e4 e5 2. Nf3 Nc6 3. Bb5 a6 4. Bxc6 dxc6 5. O-O Be7 6. Re1 Bf6 7. h3 c5 8. b4
cxb4 9. Bb2 Ne7 10. Nxe5 Ng6 11. f4 Nxf4 12. Qf3 Ng6 13. Nxg6 Bxb2 14. Nxh8 Be6
15. c3 Bxa1 16. d4 Bxc3 17. d5 Bxe1 18. dxe6 Qf6 0-1